Jogászok Móra szegedi környezetében
Ferenc Móra (1878-1934) war ein Museum- und Bibliotheksdirektor in Szeged, und ein beliebter Schriftsteller in Ungarn. In seiner Umwelt waren Juristen: János Reizner, Museumsdirektor, Dezső Ambrozovics, der Sekretdr von Gesellschaft der bildenden Künste (Budapest), Döme Lugosi, János Dettre, Gyula N...
Elmentve itt :
| Szerző: | |
|---|---|
| Dokumentumtípus: | Cikk |
| Megjelent: |
Szegedi Tudományegyetem Állam- és Jogtudományi Karának tudományos bizottsága
Szeged
2010
|
| Sorozat: | Acta Universitatis Szegediensis : acta juridica et politica
73 No. 1-64 |
| Kulcsszavak: | Jogtudomány |
| Tárgyszavak: | |
| Online Access: | http://acta.bibl.u-szeged.hu/7429 |
| LEADER | 01304nab a2200229 i 4500 | ||
|---|---|---|---|
| 001 | acta7429 | ||
| 005 | 20231113134519.0 | ||
| 008 | 161015s2010 hu o 0|| hun d | ||
| 022 | |a 0324-6523 | ||
| 040 | |a SZTE Egyetemi Kiadványok Repozitórium |b hun | ||
| 041 | |a hun | ||
| 041 | |a ger | ||
| 100 | 1 | |a Apró Ferenc | |
| 245 | 1 | 0 | |a Jogászok Móra szegedi környezetében |h [elektronikus dokumentum] / |c Apró Ferenc |
| 260 | |a Szegedi Tudományegyetem Állam- és Jogtudományi Karának tudományos bizottsága |b Szeged |c 2010 | ||
| 300 | |a 31-35 | ||
| 490 | 0 | |a Acta Universitatis Szegediensis : acta juridica et politica |v 73 No. 1-64 | |
| 520 | 3 | |a Ferenc Móra (1878-1934) war ein Museum- und Bibliotheksdirektor in Szeged, und ein beliebter Schriftsteller in Ungarn. In seiner Umwelt waren Juristen: János Reizner, Museumsdirektor, Dezső Ambrozovics, der Sekretdr von Gesellschaft der bildenden Künste (Budapest), Döme Lugosi, János Dettre, Gyula Némedy Advocaten, József Szalay Polizeihauptkapitdn, Sándor Tonelli, der Hauptsekretdr der Industrie- und Handelskammer (Szeged), und József Szöri Advocat und Kuntsmahler. | |
| 650 | 4 | |a Társadalomtudományok | |
| 650 | 4 | |a Jogtudomány | |
| 695 | |a Jogtudomány | ||
| 856 | 4 | 0 | |u http://acta.bibl.u-szeged.hu/7429/1/juridpol_073_031-035.pdf |z Dokumentum-elérés |